[Event "DSJ Weihnachtsturnier U20 2020"]
[Site "https://play.chessbase.com/en/play?room=DSJWeihnachtU20"]
[Date "2020.12.29"]
[Round "6"]
[White "Krastev, Alexander"]
[Black "Suvorov, Alexander"]
[Result "1-0"]
[Termination "normal"]
[Board "1.1"]
[WhiteTitle "FM"]
[BlackTitle "FM"]
[WhiteElo "2367"]
[BlackElo "2353"]
[WhiteTeam "Schachgesellschaft Solingen"]
[BlackTeam "Schachgemeinschaft Porz"]
[PlyCount "97"]
[WhiteFideId "12989983"]
[BlackFideId "12977063"]
[EventRounds "7"]
[EventType "team-swiss"]
[EventDate "2020.12.29"]

1. e4 {[%emt 0:00:02]} c5 {[%emt 0:00:02]} 2. Nf3 {[%emt 0:00:01]} e6 {[%emt
0:00:01]} 3. Nc3 {[%emt 0:00:01]} Nc6 {[%emt 0:00:01]} 4. d4 {[%emt 0:00:01]}
cxd4 {[%emt 0:00:01]} 5. Nxd4 {[%emt 0:00:01]} Qc7 {[%emt 0:00:01]} 6. g3 {
[%emt 0:00:01]} a6 {[%emt 0:00:01]} 7. Bg2 {[%emt 0:00:01]} Nf6 {[%emt 0:00:01]
} 8. O-O {[%emt 0:00:01]} Nxd4 {[%emt 0:00:01]} 9. Qxd4 {[%emt 0:00:01]} Bc5 {
[%emt 0:00:01]} 10. Bf4 {[%emt 0:00:01]} d6 {[%emt 0:00:01]} 11. Qd2 {[%emt
0:00:04]} h6 {[%emt 0:00:01]} 12. Rad1 {[%emt 0:00:59]} e5 {[%emt 0:00:03]} 13.
Be3 {[%emt 0:00:03]} Bb4 {[%emt 0:00:01]} 14. Nb5 {[%emt 0:00:27]} axb5 { [%emt
0:00:01]} 15. Qxb4 {[%emt 0:00:01]} Rxa2 {[%emt 0:00:01]} 16. Rxd6 { [%emt
0:00:08]} O-O {[%emt 0:00:07]} 17. Rd2 {[%emt 0:00:09]} Be6 {[%emt 0:00:02]}
18. f3 {[%emt 0:00:41]} Qc4 {[%emt 0:00:08]} 19. c3 {[%emt 0:00:09]} Qxb4
{[%emt 0:00:52]} 20. cxb4 {[%emt 0:00:00]} Bc4 {[%emt 0:00:01]} 21. Rfd1 {
[%emt 0:00:09]} g5 {[%emt 0:00:08]} 22. h4 {[%emt 0:00:12]} Nh7 {[%emt 0:00:27]
} 23. Bh3 {[%emt 0:00:06]} Kg7 {[%emt 0:00:16]} 24. Bf5 {[%emt 0:00:31]} Rfa8 {
[%emt 0:00:30]} 25. hxg5 {[%emt 0:01:14]} Nxg5 {[%emt 0:00:04]} 26. Kg2 { [%emt
0:00:08]} Ne6 {[%emt 0:00:30]} 27. Rh1 {[%emt 0:00:38]} Rh8 {[%emt 0:00:06]}
28. f4 {[%emt 0:00:02]} Rd8 {[%emt 0:00:23]} 29. Rf2 {[%emt 0:02:54]} exf4
{[%emt 0:00:20]} 30. gxf4 {[%emt 0:00:01]} Rd3 {[%emt 0:00:07]} 31. Rh3 { [%emt
0:00:46]} Rb3 {[%emt 0:00:17]} 32. Bxe6 {[%emt 0:00:35]} fxe6 {[%emt 0:00:12]}
33. Bd4+ {[%emt 0:00:01]} Kh7 {[%emt 0:00:10]} 34. Bc3 {[%emt 0:00:01]} Ra8
{[%emt 0:00:15]} 35. Kh2 {[%emt 0:00:14]} Ra2 {[%emt 0:00:28]} 36. Rg2 { [%emt
0:00:26]} e5 {[%emt 0:00:15]} 37. Rf2 {[%emt 0:00:16]} h5 {[%emt 0:00:25] } 38.
f5 {[%emt 0:00:04]} Bf7 {[%emt 0:00:05]} 39. Rd2 {[%emt 0:00:03]} Bc4 { [%emt
0:00:16]} 40. Rg3 {[%emt 0:00:01]} h4 {[%emt 0:00:05]} 41. Rg4 {[%emt 0:00:01]}
Rxc3 {[%emt 0:00:03]} 42. Rxh4+ {[%emt 0:00:04]} Kg7 {[%emt 0:00:02]} 43. Rg2+
{[%emt 0:00:01]} Kf6 {[%emt 0:00:08]} 44. bxc3 {[%emt 0:00:01]} Rxg2+ {[%emt
0:00:06]} 45. Kxg2 {[%emt 0:00:00]} Kg5 {[%emt 0:00:00]} 46. Kg3 { [%emt
0:00:03]} Bd3 {[%emt 0:00:02]} 47. Rg4+ {[%emt 0:00:01]} Kf6 {[%emt 0:00:01]}
48. Rg6+ {[%emt 0:00:01]} Kf7 {[%emt 0:00:00]} 49. Kf3 {[%emt 0:00:01]} 1-0

[Event "DSJ Weihnachtsturnier U20 2020"]
[Site "https://play.chessbase.com/en/play?room=DSJWeihnachtU20"]
[Date "2020.12.29"]
[Round "6"]
[White "Suvorov, Luca"]
[Black "Bashylina, Luisa"]
[Result "0-1"]
[Termination "normal"]
[Board "1.2"]
[WhiteTitle "FM"]
[BlackTitle "WCM"]
[WhiteElo "2279"]
[BlackElo "1978"]
[WhiteTeam "Schachgemeinschaft Porz"]
[BlackTeam "Schachgesellschaft Solingen"]
[PlyCount "104"]
[WhiteFideId "12977071"]
[BlackFideId "12983292"]
[EventRounds "7"]
[EventType "team-swiss"]
[EventDate "2020.12.29"]

1. d4 {[%emt 0:00:05]} Nf6 {[%emt 0:00:02]} 2. c4 {[%emt 0:00:01]} g6 {[%emt
0:00:01]} 3. f3 {[%emt 0:00:01]} d5 {[%emt 0:00:01]} 4. cxd5 {[%emt 0:00:01]}
Nxd5 {[%emt 0:00:00]} 5. e4 {[%emt 0:00:02]} Nb6 {[%emt 0:00:02]} 6. Nc3 {
[%emt 0:00:02]} Bg7 {[%emt 0:00:05]} 7. Be3 {[%emt 0:00:02]} Nc6 {[%emt
0:00:01]} 8. Bb5 {[%emt 0:00:06]} O-O {[%emt 0:00:26]} 9. Nge2 {[%emt 0:00:10]}
Bd7 {[%emt 0:00:11]} 10. O-O {[%emt 0:00:14]} a6 {[%emt 0:00:05]} 11. Bd3
{[%emt 0:00:57]} e5 {[%emt 0:00:08]} 12. d5 {[%emt 0:01:15]} Nd4 {[%emt
0:00:04]} 13. f4 {[%emt 0:00:04]} c5 {[%emt 0:00:56]} 14. f5 {[%emt 0:01:13]}
Nc8 {[%emt 0:01:14]} 15. Qd2 {[%emt 0:02:07]} Nd6 {[%emt 0:00:08]} 16. Ng3
{[%emt 0:00:41]} b5 {[%emt 0:00:12]} 17. Rad1 {[%emt 0:00:18]} c4 {[%emt
0:00:47]} 18. Bb1 { [%emt 0:00:04]} b4 {[%emt 0:00:25]} 19. Nce2 {[%emt
0:00:02]} Nxe2+ {[%emt 0:00:03]} 20. Qxe2 {[%emt 0:00:09]} Bb5 {[%emt 0:00:18]}
21. Rf2 {[%emt 0:01:13]} c3 {[%emt 0:00:25]} 22. Bd3 {[%emt 0:00:03]} Rc8
{[%emt 0:00:40]} 23. bxc3 { [%emt 0:00:02]} Bxd3 {[%emt 0:00:08]} 24. Qxd3
{[%emt 0:00:27]} Rxc3 {[%emt 0:00:04]} 25. Qe2 {[%emt 0:00:02]} a5 {[%emt
0:00:06]} 26. Bc1 {[%emt 0:00:55]} Qh4 {[%emt 0:00:41]} 27. Bb2 {[%emt
0:00:03]} Rc4 {[%emt 0:00:06]} 28. Rdf1 { [%emt 0:00:14]} Rfc8 {[%emt 0:00:31]}
29. f6 {[%emt 0:00:02]} Bh6 {[%emt 0:00:10]} 30. Bxe5 {[%emt 0:00:10]} Nxe4
{[%emt 0:00:07]} 31. Nxe4 {[%emt 0:00:09]} Rxe4 {[%emt 0:00:08]} 32. Qa6 {[%emt
0:00:05]} Rec4 {[%emt 0:00:18]} 33. Bg3 { [%emt 0:00:02]} Qd4 {[%emt 0:00:18]}
34. Kh1 {[%emt 0:00:02]} Qxd5 {[%emt 0:00:09]} 35. Re2 {[%emt 0:00:02]} Rc1
{[%emt 0:00:13]} 36. Rfe1 {[%emt 0:00:01]} Rxe1+ {[%emt 0:00:04]} 37. Rxe1
{[%emt 0:00:01]} Rd8 {[%emt 0:00:09]} 38. Qe2 { [%emt 0:00:03]} a4 {[%emt
0:00:14]} 39. Bc7 {[%emt 0:00:04]} Rc8 {[%emt 0:00:08]} 40. Bf4 {[%emt
0:00:03]} Bf8 {[%emt 0:00:09]} 41. h4 {[%emt 0:00:04]} b3 { [%emt 0:00:03]} 42.
axb3 {[%emt 0:00:01]} axb3 {[%emt 0:00:03]} 43. Rb1 { [%emt 0:00:01]} Rc4
{[%emt 0:00:19]} 44. Bg5 {[%emt 0:00:02]} Rc2 {[%emt 0:00:09]} 45. Qf1 {[%emt
0:00:02]} b2 {[%emt 0:00:04]} 46. Be3 {[%emt 0:00:02]} Qe4 {[%emt 0:00:12]} 47.
Bg5 {[%emt 0:00:01]} h6 {[%emt 0:00:07]} 48. Re1 {[%emt 0:00:02]} Qd4 {[%emt
0:00:12]} 49. Be3 {[%emt 0:00:03]} Qxh4+ {[%emt 0:00:03]} 50. Kg1 {[%emt
0:00:00]} Bd6 {[%emt 0:00:07]} 51. Qd3 {[%emt 0:00:05]} Qh2+ { [%emt 0:00:03]}
52. Kf1 {[%emt 0:00:01]} Qxg2# {[%emt 0:00:02]} 0-1

[Event "DSJ Weihnachtsturnier U20 2020"]
[Site "https://play.chessbase.com/en/play?room=DSJWeihnachtU20"]
[Date "2020.12.29"]
[Round "6"]
[White "Müdder, Melanie"]
[Black "Gallasch, Jonas"]
[Result "1-0"]
[Termination "normal"]
[Board "1.3"]
[WhiteElo "1950"]
[BlackElo "2112"]
[WhiteTeam "Schachgesellschaft Solingen"]
[BlackTeam "Schachgemeinschaft Porz"]
[PlyCount "113"]
[WhiteFideId "12994103"]
[BlackFideId "16222474"]
[EventRounds "7"]
[EventType "team-swiss"]
[EventDate "2020.12.29"]

1. e4 {[%emt 0:02:10]} c5 {[%emt 0:00:06]} 2. Nf3 {[%emt 0:00:06]} Nc6 { [%emt
0:00:01]} 3. d4 {[%emt 0:00:03]} cxd4 {[%emt 0:00:01]} 4. Nxd4 {[%emt 0:00:01]}
Nf6 {[%emt 0:00:00]} 5. Nc3 {[%emt 0:00:02]} e5 {[%emt 0:00:01]} 6. Ndb5 {[%emt
0:00:02]} d6 {[%emt 0:00:01]} 7. Bg5 {[%emt 0:00:09]} a6 {[%emt 0:00:02]} 8.
Na3 {[%emt 0:00:02]} b5 {[%emt 0:00:03]} 9. Nd5 {[%emt 0:00:03]} Be7 {[%emt
0:00:01]} 10. Bxf6 {[%emt 0:00:01]} Bxf6 {[%emt 0:00:00]} 11. c3 { [%emt
0:00:01]} Bb7 {[%emt 0:00:03]} 12. Nc2 {[%emt 0:00:06]} Ne7 {[%emt 0:00:01]}
13. Nce3 {[%emt 0:00:29]} Bg5 {[%emt 0:00:27]} 14. Nxe7 {[%emt 0:00:30]} Bxe7
{[%emt 0:00:39]} 15. Nd5 {[%emt 0:00:16]} O-O {[%emt 0:01:22]} 16. Be2 { [%emt
0:00:04]} f5 {[%emt 0:02:30]} 17. exf5 {[%emt 0:00:08]} Rxf5 {[%emt 0:00:01]}
18. a4 {[%emt 0:00:10]} Bh4 {[%emt 0:01:09]} 19. O-O {[%emt 0:00:15]} Qe8
{[%emt 0:01:30]} 20. axb5 {[%emt 0:00:21]} axb5 {[%emt 0:00:09]} 21. Rxa8 {
[%emt 0:00:04]} Qxa8 {[%emt 0:00:33]} 22. Ne3 {[%emt 0:00:26]} Rf8 {[%emt
0:00:11]} 23. Qxd6 {[%emt 0:00:12]} Bg5 {[%emt 0:00:28]} 24. Bxb5 {[%emt
0:00:42]} Rd8 {[%emt 0:00:53]} 25. Bc4+ {[%emt 0:01:30]} Kh8 {[%emt 0:00:11]}
26. Qxe5 { [%emt 0:00:09]} Bxe3 {[%emt 0:00:03]} 27. fxe3 {[%emt 0:00:43]} Re8
{[%emt 0:00:04]} 28. Qg3 {[%emt 0:00:32]} Qc8 {[%emt 0:00:18]} 29. Rf7 {[%emt
0:00:11]} Rg8 {[%emt 0:00:04]} 30. Rc7 {[%emt 0:00:18]} Qf5 {[%emt 0:00:01]}
31. Rxb7 { [%emt 0:00:31]} Qb1+ {[%emt 0:00:01]} 32. Bf1 {[%emt 0:00:06]} Qc1
{[%emt 0:00:01]} 33. Rb8 {[%emt 0:00:14]} h6 {[%emt 0:00:05]} 34. Rxg8+ {[%emt
0:00:05]} Kxg8 {[%emt 0:00:00]} 35. Qf2 {[%emt 0:00:10]} Qb1 {[%emt 0:00:02]}
36. h3 { [%emt 0:00:02]} Qa1 {[%emt 0:00:02]} 37. Kh2 {[%emt 0:00:03]} Qa2
{[%emt 0:00:01]} 38. Bd3 {[%emt 0:00:05]} Qd5 {[%emt 0:00:02]} 39. Bf5 {[%emt
0:00:07]} Qd6+ {[%emt 0:00:03]} 40. g3 {[%emt 0:00:02]} Qb6 {[%emt 0:00:01]}
41. Qf4 { [%emt 0:00:03]} Qxb2+ {[%emt 0:00:02]} 42. Kh1 {[%emt 0:00:01]} Qc1+
{[%emt 0:00:04]} 43. Kg2 {[%emt 0:00:02]} Qd2+ {[%emt 0:00:01]} 44. Qf2 {[%emt
0:00:02]} Qxc3 {[%emt 0:00:01]} 45. Be6+ {[%emt 0:00:01]} Kh8 {[%emt 0:00:02]}
46. Qf8+ { [%emt 0:00:02]} Kh7 {[%emt 0:00:01]} 47. Bf5+ {[%emt 0:00:02]} g6
{[%emt 0:00:00]} 48. Qf7+ {[%emt 0:00:01]} Qg7 {[%emt 0:00:01]} 49. Qxg7+
{[%emt 0:00:01]} Kxg7 {[%emt 0:00:00]} 50. Bd3 {[%emt 0:00:01]} Kf6 {[%emt
0:00:01]} 51. Kf3 { [%emt 0:00:01]} h5 {[%emt 0:00:01]} 52. g4 {[%emt 0:00:01]}
h4 {[%emt 0:00:01]} 53. Kf4 {[%emt 0:00:03]} g5+ {[%emt 0:00:01]} 54. Ke4
{[%emt 0:00:01]} Ke6 { [%emt 0:00:00]} 55. Kd4 {[%emt 0:00:01]} Kd6 {[%emt
0:00:01]} 56. Bf5 {[%emt 0:00:01]} Ke7 {[%emt 0:00:01]} 57. e4 {[%emt 0:00:01]}
1-0

[Event "DSJ Weihnachtsturnier U20 2020"]
[Site "https://play.chessbase.com/en/play?room=DSJWeihnachtU20"]
[Date "2020.12.29"]
[Round "6"]
[White "Fieberg, Samuel"]
[Black "Sereda, Yaroslava"]
[Result "1-0"]
[Termination "normal"]
[Board "1.4"]
[WhiteTitle "FM"]
[WhiteElo "2180"]
[BlackElo "1750"]
[WhiteTeam "Schachgemeinschaft Porz"]
[BlackTeam "Schachgesellschaft Solingen"]
[PlyCount "99"]
[WhiteFideId "12901717"]
[BlackFideId "14178940"]
[EventRounds "7"]
[EventType "team-swiss"]
[EventDate "2020.12.29"]

1. e4 {[%emt 0:01:16]} c5 {[%emt 0:00:07]} 2. Nf3 {[%emt 0:00:02]} Nc6 { [%emt
0:00:05]} 3. d4 {[%emt 0:00:05]} cxd4 {[%emt 0:00:02]} 4. Nxd4 {[%emt 0:00:00]}
g6 {[%emt 0:00:02]} 5. Nc3 {[%emt 0:00:03]} Bg7 {[%emt 0:00:04]} 6. Be3 {[%emt
0:00:02]} Nf6 {[%emt 0:00:01]} 7. Be2 {[%emt 0:00:02]} O-O {[%emt 0:00:05]} 8.
f4 {[%emt 0:00:04]} d5 {[%emt 0:00:24]} 9. e5 {[%emt 0:00:02]} Ne4 { [%emt
0:00:40]} 10. Nxe4 {[%emt 0:00:07]} dxe4 {[%emt 0:00:03]} 11. Nxc6 { [%emt
0:00:02]} bxc6 {[%emt 0:00:05]} 12. Qxd8 {[%emt 0:00:10]} Rxd8 {[%emt 0:00:02]}
13. Bc4 {[%emt 0:00:01]} a5 {[%emt 0:00:16]} 14. Bb6 {[%emt 0:00:40]} Rd7
{[%emt 0:00:27]} 15. e6 {[%emt 0:01:43]} Rd6 {[%emt 0:01:48]} 16. exf7+ { [%emt
0:00:12]} Kf8 {[%emt 0:00:02]} 17. Rb1 {[%emt 0:01:27]} Be6 {[%emt 0:00:20]}
18. Bxe6 {[%emt 0:00:08]} Rxe6 {[%emt 0:00:03]} 19. Ke2 {[%emt 0:00:15]} Kxf7
{[%emt 0:00:23]} 20. Rhd1 {[%emt 0:00:05]} Rd6 {[%emt 0:00:06]} 21. c3 { [%emt
0:00:22]} Ke6 {[%emt 0:00:45]} 22. Bc7 {[%emt 0:00:17]} Rd5 {[%emt 0:00:17]}
23. Ke3 {[%emt 0:00:06]} Kf5 {[%emt 0:00:21]} 24. h3 {[%emt 0:00:07]} Ra7
{[%emt 0:02:08]} 25. g4+ {[%emt 0:00:19]} Ke6 {[%emt 0:00:10]} 26. Bb6 { [%emt
0:00:07]} Rad7 {[%emt 0:00:18]} 27. Rxd5 {[%emt 0:00:16]} cxd5 {[%emt 0:00:02]}
28. Bxa5 {[%emt 0:00:06]} Ra7 {[%emt 0:00:20]} 29. Bb6 {[%emt 0:01:05]} Rxa2
{[%emt 0:00:05]} 30. Bd4 {[%emt 0:00:02]} Bxd4+ {[%emt 0:00:13]} 31. Kxd4
{[%emt 0:00:00]} Kd6 {[%emt 0:00:04]} 32. f5 {[%emt 0:00:10]} Ra4+ {[%emt
0:00:12]} 33. b4 {[%emt 0:00:01]} gxf5 {[%emt 0:00:08]} 34. gxf5 {[%emt
0:00:03]} Ra2 {[%emt 0:00:09]} 35. Rd1 {[%emt 0:00:16]} Rh2 {[%emt 0:00:14]}
36. c4 { [%emt 0:00:04]} Rxh3 {[%emt 0:00:17]} 37. c5+ {[%emt 0:00:09]} Kc6
{[%emt 0:00:08]} 38. Ra1 {[%emt 0:00:40]} Rd3+ {[%emt 0:00:13]} 39. Ke5 {[%emt
0:00:01]} Rb3 {[%emt 0:00:03]} 40. Ra6+ {[%emt 0:00:02]} Kb7 {[%emt 0:00:02]}
41. Rb6+ { [%emt 0:00:01]} Kc7 {[%emt 0:00:01]} 42. Ke6 {[%emt 0:00:12]} e3
{[%emt 0:00:03]} 43. Kxe7 {[%emt 0:00:03]} e2 {[%emt 0:00:03]} 44. Re6 {[%emt
0:00:01]} Rb2 {[%emt 0:00:03]} 45. f6 {[%emt 0:00:03]} d4 {[%emt 0:00:02]} 46.
f7 {[%emt 0:00:02]} d3 {[%emt 0:00:02]} 47. f8=Q {[%emt 0:00:02]} d2 {[%emt
0:00:02]} 48. Qd8+ {[%emt 0:00:03]} Kb7 {[%emt 0:00:01]} 49. Rb6+ {[%emt
0:00:01]} Ka7 { [%emt 0:00:02]} 50. Qb8# {[%emt 0:00:00] Mate} 1-0

[Event "DSJ Weihnachtsturnier U20 2020"]
[Site "https://play.chessbase.com/en/play?room=DSJWeihnachtU20"]
[Date "2020.12.29"]
[Round "6"]
[White "Joeres, Stefan"]
[Black "Knüdel, Torben"]
[Result "0-1"]
[Termination "normal"]
[Board "2.1"]
[WhiteElo "2176"]
[BlackElo "2204"]
[WhiteTeam "Karlsruher SF 1853"]
[BlackTeam "Post SV Uelzen"]
[PlyCount "110"]
[WhiteFideId "12983160"]
[BlackFideId "16208820"]
[EventRounds "7"]
[EventType "team-swiss"]
[EventDate "2020.12.29"]

1. e4 {[%emt 0:00:02]} e5 {[%emt 0:00:04]} 2. Nf3 {[%emt 0:00:03]} Nc6 { [%emt
0:00:01]} 3. d4 {[%emt 0:00:01]} exd4 {[%emt 0:00:02]} 4. Bc4 {[%emt 0:00:01]}
Nf6 {[%emt 0:00:02]} 5. e5 {[%emt 0:00:01]} d5 {[%emt 0:00:03]} 6. Bb5 {[%emt
0:00:01]} Ne4 {[%emt 0:00:01]} 7. Nxd4 {[%emt 0:00:01]} Bd7 {[%emt 0:00:02]} 8.
Bxc6 {[%emt 0:00:01]} bxc6 {[%emt 0:00:00]} 9. O-O {[%emt 0:00:01]} Bc5 {[%emt
0:00:07]} 10. f3 {[%emt 0:00:12]} Ng5 {[%emt 0:00:03]} 11. f4 {[%emt 0:00:01]}
Ne4 {[%emt 0:00:04]} 12. Be3 {[%emt 0:00:03]} O-O {[%emt 0:00:05]} 13. Nd2
{[%emt 0:00:16]} f6 {[%emt 0:00:40]} 14. Nxe4 {[%emt 0:01:43]} dxe4 { [%emt
0:00:00]} 15. c3 {[%emt 0:00:01]} fxe5 {[%emt 0:00:52]} 16. Qb3+ { [%emt
0:00:09]} Kh8 {[%emt 0:00:06]} 17. fxe5 {[%emt 0:00:01]} Qe7 {[%emt 0:00:20]}
18. Bf4 {[%emt 0:00:43]} Be6 {[%emt 0:01:12]} 19. Qa4 {[%emt 0:00:26]} Bd5
{[%emt 0:00:15]} 20. Bg3 {[%emt 0:00:17]} Rxf1+ {[%emt 0:00:26]} 21. Rxf1 {
[%emt 0:00:00]} Rf8 {[%emt 0:00:02]} 22. Qd1 {[%emt 0:00:49]} h6 {[%emt
0:00:25]} 23. a3 {[%emt 0:00:49]} Bc4 {[%emt 0:00:47]} 24. Rxf8+ {[%emt
0:00:02]} Qxf8 {[%emt 0:00:00]} 25. Qe1 {[%emt 0:00:02]} e3 {[%emt 0:00:35]}
26. h3 { [%emt 0:00:19]} e2 {[%emt 0:00:38]} 27. Bf2 {[%emt 0:00:24]} Bxd4
{[%emt 0:00:05]} 28. cxd4 {[%emt 0:00:00]} Qf5 {[%emt 0:00:09]} 29. Qc3 {[%emt
0:00:28]} Qb1+ {[%emt 0:00:58]} 30. Kh2 {[%emt 0:00:28]} Qf1 {[%emt 0:00:18]}
31. Qg3 { [%emt 0:00:06]} Bd5 {[%emt 0:00:07]} 32. e6 {[%emt 0:00:28]} Bxe6
{[%emt 0:00:09]} 33. d5 {[%emt 0:00:01]} Bxd5 {[%emt 0:00:15]} 34. Bd4 {[%emt
0:00:02]} Qxg2+ {[%emt 0:00:16]} 35. Qxg2 {[%emt 0:00:15]} Bxg2 {[%emt
0:00:00]} 36. Bc3 {[%emt 0:00:05]} Bd5 {[%emt 0:00:07]} 37. h4 {[%emt 0:00:09]}
Kh7 {[%emt 0:00:03]} 38. Kg3 {[%emt 0:00:03]} Kg6 {[%emt 0:00:08]} 39. Kf4
{[%emt 0:00:01]} Kh5 {[%emt 0:00:07]} 40. Be1 {[%emt 0:00:01]} g5+ {[%emt
0:00:19]} 41. hxg5 { [%emt 0:00:03]} hxg5+ {[%emt 0:00:00]} 42. Kg3 {[%emt
0:00:02]} Kg6 {[%emt 0:00:04]} 43. Bd2 {[%emt 0:00:01]} Kf5 {[%emt 0:00:02]}
44. Kf2 {[%emt 0:00:08]} Bc4 {[%emt 0:00:02]} 45. Kf3 {[%emt 0:00:01]} Ke5
{[%emt 0:00:18]} 46. Ke3 { [%emt 0:00:09]} g4 {[%emt 0:00:08]} 47. Be1 {[%emt
0:00:01]} c5 {[%emt 0:00:21] } 48. Bg3+ {[%emt 0:00:06]} Kf5 {[%emt 0:00:06]}
49. Be1 {[%emt 0:00:07]} Ba6 { [%emt 0:00:11] Karlsru1-001 bietet Remis} 50.
Bg3 {[%emt 0:00:02]} Bb5 { [%emt 0:00:09]} 51. Be1 {[%emt 0:00:02]} Ke5 {[%emt
0:00:01]} 52. Bg3+ { [%emt 0:00:04]} Kd5 {[%emt 0:00:01]} 53. Kd2 {[%emt
0:00:17]} Ke4 {[%emt 0:00:04]} 54. Bxc7 {[%emt 0:00:03]} Kf3 {[%emt 0:00:04]}
55. Bd6 {[%emt 0:00:01]} Kf2 {[%emt 0:00:06] Karlsru1-001 gibt auf} 0-1

[Event "DSJ Weihnachtsturnier U20 2020"]
[Site "https://play.chessbase.com/en/play?room=DSJWeihnachtU20"]
[Date "2020.12.29"]
[Round "6"]
[White "Koll, Linus"]
[Black "Bargsten, Justus"]
[Result "1-0"]
[Termination "normal"]
[Board "2.3"]
[WhiteElo "1963"]
[BlackElo "2052"]
[WhiteTeam "Karlsruher SF 1853"]
[BlackTeam "Post SV Uelzen"]
[PlyCount "89"]
[WhiteFideId "12990299"]
[BlackFideId "12974188"]
[EventRounds "7"]
[EventType "team-swiss"]
[EventDate "2020.12.29"]

1. e4 {[%emt 0:00:03]} e5 {[%emt 0:00:06]} 2. Nf3 {[%emt 0:00:02]} Nc6 { [%emt
0:00:02]} 3. Nc3 {[%emt 0:00:02]} Nf6 {[%emt 0:00:06]} 4. a3 {[%emt 0:00:02]}
d6 {[%emt 0:00:16]} 5. d4 {[%emt 0:00:03]} exd4 {[%emt 0:00:01]} 6. Nxd4 {
[%emt 0:00:02]} Be7 {[%emt 0:00:01]} 7. Bb5 {[%emt 0:00:18]} Bd7 {[%emt
0:00:04]} 8. O-O {[%emt 0:00:12]} O-O {[%emt 0:00:09]} 9. Bxc6 {[%emt 0:00:11]}
bxc6 {[%emt 0:00:02]} 10. Qf3 {[%emt 0:00:05]} Re8 {[%emt 0:00:19]} 11. Nf5 {
[%emt 0:00:50]} Bf8 {[%emt 0:00:04]} 12. Bg5 {[%emt 0:00:15]} Bxf5 {[%emt
0:00:51]} 13. Qxf5 {[%emt 0:00:46]} Re6 {[%emt 0:00:22]} 14. f3 {[%emt
0:01:44]} Rb8 {[%emt 0:00:08]} 15. b3 {[%emt 0:00:12]} h6 {[%emt 0:00:15]} 16.
Be3 {[%emt 0:01:04]} g6 {[%emt 0:00:11]} 17. Qa5 {[%emt 0:00:20]} Bg7 {[%emt
0:00:10]} 18. Rad1 {[%emt 0:00:15]} Ng4 {[%emt 0:00:35]} 19. fxg4 {[%emt
0:00:55]} Qh4 { [%emt 0:00:12]} 20. Qxc7 {[%emt 0:00:48]} Rf8 {[%emt 0:00:30]}
21. Ne2 { [%emt 0:00:12]} Rxe4 {[%emt 0:00:06]} 22. Bf2 {[%emt 0:00:01]} Qxg4
{[%emt 0:00:13]} 23. Ng3 {[%emt 0:00:02]} Re6 {[%emt 0:00:14]} 24. Qxc6 {[%emt
0:00:36]} Be5 {[%emt 0:00:23]} 25. Qf3 {[%emt 0:00:11]} Qh4 {[%emt 0:00:26]}
26. h3 { [%emt 0:00:38]} Rf6 {[%emt 0:00:06]} 27. Ne4 {[%emt 0:00:24]} Rxf3
{[%emt 0:00:29]} 28. Bxh4 {[%emt 0:00:01]} Rxf1+ {[%emt 0:00:03]} 29. Kxf1
{[%emt 0:00:01]} g5 {[%emt 0:00:07]} 30. Bg3 {[%emt 0:00:02]} f5 {[%emt
0:00:04]} 31. Bxe5 { [%emt 0:00:23]} fxe4+ {[%emt 0:00:02]} 32. Ke2 {[%emt
0:00:01]} dxe5 {[%emt 0:00:01]} 33. Ke3 {[%emt 0:00:01]} Rc8 {[%emt 0:00:03]}
34. c4 {[%emt 0:00:01]} Rb8 {[%emt 0:00:03]} 35. b4 {[%emt 0:00:01]} a5 {[%emt
0:00:03]} 36. Rb1 { [%emt 0:00:03]} Rd8 {[%emt 0:00:04]} 37. b5 {[%emt
0:00:04]} Kf7 {[%emt 0:00:12]} 38. b6 {[%emt 0:00:01]} Ke6 {[%emt 0:00:01]} 39.
c5 {[%emt 0:00:02]} Rd3+ {[%emt 0:00:49]} 40. Kxe4 {[%emt 0:00:02]} Rd4+ {[%emt
0:00:09]} 41. Ke3 { [%emt 0:00:01]} Rd8 {[%emt 0:00:04]} 42. c6 {[%emt
0:00:01]} Kd5 {[%emt 0:00:01]} 43. Rd1+ {[%emt 0:00:01]} Kxc6 {[%emt 0:00:01]}
44. Rxd8 {[%emt 0:00:05]} Kxb6 {[%emt 0:00:01]} 45. Rh8 {[%emt 0:00:01]} 1-0

[Event "DSJ Weihnachtsturnier U20 2020"]
[Site "https://play.chessbase.com/en/play?room=DSJWeihnachtU20"]
[Date "2020.12.29"]
[Round "6"]
[White "Askerov, Imamali"]
[Black "Wang, Xinyuan"]
[Result "0-1"]
[Termination "normal"]
[Board "2.4"]
[WhiteElo "1937"]
[BlackElo "1759"]
[WhiteTeam "Post SV Uelzen"]
[BlackTeam "Karlsruher SF 1853"]
[PlyCount "80"]
[WhiteFideId "12974498"]
[BlackFideId "16221494"]
[EventRounds "7"]
[EventType "team-swiss"]
[EventDate "2020.12.29"]

1. e4 {[%emt 0:00:10]} c5 {[%emt 0:00:03]} 2. Nf3 {[%emt 0:00:02]} a6 {[%emt
0:00:05]} 3. c3 {[%emt 0:00:18]} e6 {[%emt 0:00:04]} 4. d4 {[%emt 0:00:02]} d5
{ [%emt 0:00:02]} 5. exd5 {[%emt 0:00:10]} exd5 {[%emt 0:00:02]} 6. Be2 {[%emt
0:00:05]} Nf6 {[%emt 0:00:04]} 7. O-O {[%emt 0:00:04]} h6 {[%emt 0:00:03]} 8.
Bf4 {[%emt 0:00:10]} Be7 {[%emt 0:00:04]} 9. dxc5 {[%emt 0:00:21]} Bxc5 {[%emt
0:00:02]} 10. Nbd2 {[%emt 0:00:01]} O-O {[%emt 0:00:02]} 11. Nb3 {[%emt
0:00:01]} Bb6 {[%emt 0:00:06]} 12. Nbd4 {[%emt 0:00:10]} Nc6 {[%emt 0:00:06]}
13. Ne5 { [%emt 0:00:44]} Nxe5 {[%emt 0:00:22]} 14. Bxe5 {[%emt 0:00:01]} Re8
{[%emt 0:00:02]} 15. Bxf6 {[%emt 0:00:38]} Qxf6 {[%emt 0:00:00]} 16. Bf3 {[%emt
0:00:05] } Be6 {[%emt 0:00:47]} 17. Nxe6 {[%emt 0:00:46]} fxe6 {[%emt 0:00:00]}
18. Qb3 {[%emt 0:00:02]} Bc7 {[%emt 0:00:53]} 19. Qd1 {[%emt 0:01:56]} Rf8
{[%emt 0:00:16]} 20. Bg4 {[%emt 0:00:29]} Rae8 {[%emt 0:00:10]} 21. g3 {[%emt
0:00:18]} Kh8 {[%emt 0:00:09]} 22. Bh3 {[%emt 0:00:07]} Bb6 {[%emt 0:00:29]}
23. Qe2 { [%emt 0:00:13]} e5 {[%emt 0:00:03]} 24. Bg2 {[%emt 0:00:05]} e4
{[%emt 0:00:03] } 25. Rad1 {[%emt 0:00:08]} Re5 {[%emt 0:00:25]} 26. Rc1 {[%emt
0:00:57]} Rf5 { [%emt 0:01:00]} 27. Rc2 {[%emt 0:00:01]} Rd8 {[%emt 0:01:07]}
28. Bh3 {[%emt 0:00:17]} Re5 {[%emt 0:00:12]} 29. Bg2 {[%emt 0:00:03]} Qe7
{[%emt 0:00:21]} 30. Kh1 {[%emt 0:00:06]} Rf8 {[%emt 0:00:16]} 31. Rcc1 {[%emt
0:00:21]} Ref5 { [%emt 0:00:09]} 32. Rc2 {[%emt 0:00:01]} Qf6 {[%emt 0:00:17]}
33. Kg1 {[%emt 0:00:02]} Ba7 {[%emt 0:00:06]} 34. c4 {[%emt 0:00:47]} e3 {[%emt
0:00:28]} 35. cxd5 {[%emt 0:00:07]} Rxf2 {[%emt 0:00:05]} 36. Rxf2 {[%emt
0:00:05]} exf2+ { [%emt 0:00:07]} 37. Kf1 {[%emt 0:00:20]} Qd8 {[%emt 0:00:28]}
38. Rd2 {[%emt 0:00:04]} Re8 {[%emt 0:00:05]} 39. Qxe8+ {[%emt 0:00:18]} Qxe8
{[%emt 0:00:02]} 40. Rd1 {[%emt 0:00:00]} Qb5+ {[%emt 0:00:04]} 0-1